| 000 | 00414nam a2200169Ia 4500 | ||
|---|---|---|---|
| 005 | 20250430063835.0 | ||
| 008 | 240331s9999 xx 000 0 und d | ||
| 020 | _a95520162203 | ||
| 082 |
_bSIL _a891 |
||
| 100 | _aSilva,W.A | ||
| 245 | 0 |
_aSunethra : _bNohoth awichara samaya |
|
| 250 | _a12th | ||
| 260 |
_aColombo _bS. Godage & Brothers _c2009 |
||
| 300 | _a356 p ., | ||
| 650 | _aHistorical Novel | ||
| 942 | _cL | ||
| 999 |
_c5392 _d5392 |
||